000
00359nam a2200133Ia 4500
008
151001s9999||||xx |||||||||||||| ||und||
100
_a
कुश्नचंदर
245
_a
एक खत एक खुशबू
250
_a
1
260
_b
जनचेतना प्रकाशन
260
_c
2005
300
_a
120
365
_b
21
999
_c
986060
_d
986057